Statistics for Match Surname to Country

Click here to take the quiz!

General Stats

  • This quiz has been taken 15 times
  • The average score is 4 of 21

Answer Stats

HintAnswer% Correct
DebussyFrance
67%
LindströmSweden
67%
ChirikhinRussia
56%
NazarbayevKazakhstan
44%
CapamagianArmenia
33%
KalinićCroatia, Serbia
33%
ElgarEngland
33%
RaoIndia
33%
QuispePeru
22%
SarvamohanSri Lanka
22%
MbabaziUganda
22%
SoshikFinland
0%
BoatengGhana
0%
ZemdegsLatvia
0%
BartkusLithuania
0%
BeeharryMauritius
0%
ElbegdorjMongolia
0%
PewhairangiNew Zealand
0%
TsioupineUkraine
0%
GhigauUSA
0%
ChellaZambia
0%

Score Distribution

Percentile by Number Answered

Percent of People with Each Score

Your Score History

You have not taken this quiz